000 01637cam a2200409 a 4500
001 17253077
003 PILC
005 20160602091123.0
008 120412s2012 nyu 000 1 eng d
010 _a 2011278098
020 _a9780425259351 (pbk.)
020 _a0425259358 (pbk.)
035 _a(OCoLC)ocn761845988
040 _aBTCTA
_beng
_cBTCTA
_dHCO
_dBDX
_dBPT
_dDLC
042 _alccopycat
043 _an-us---
050 0 0 _aPS 3553.O769
_b.Ac64 2012
082 0 4 _a813/.54
245 1 0 _aAct of valor /
_cscreenplay written by Kurt Johnstad ; novelization written by Dick Couch and George Galdorisi.
246 3 _aTom Clancy presents Act of valor
250 _aBerkley premium edition.
260 _aNew York :
_bBerkley Books,
_c2012.
300 _axi, 320 pages ;
_c19 cm.
500 _aAt head of title: Tom Clancy presents.
520 _aA novelization based on the movie inspired by true events. When the rescue of a kidnapped CIA operative leads to the discovery of a deadly terrorist plot against the U.S., a team of SEALs is dispatched on a worldwide manhunt.
610 1 0 _aUnited States.
_bNavy.
_bSEALs
_vFiction.
650 0 _aSpecial operations (Military science)
_vFiction.
650 0 _aTerrorism
_vFiction.
650 0 _aTerrorism
_xPrevention
_vFiction.
700 1 _aJohnstad, Kurt.
700 1 _aGaldorisi, George,
_d1948-
700 1 _aClancy, Tom,
_d1947-2013.
730 0 _aAct of valor (Motion picture)
906 _a7
_bcbc
_ccopycat
_d2
_encip
_f20
_gy-gencatlg
942 _2lcc
_cBK
999 _c295566
_d295566